Tớ và cuộc sống những người bạn quanh ta A

שמור ב:
מידע ביבליוגרפי
פורמט: ספר
תגים: הוספת תג
אין תגיות, היה/י הראשונ/ה לתייג את הרשומה!
Thư viện lưu trữ: Mạng thư viện Đại học Đà Nẵng
LEADER 00428nam a22001691a 4500
001 000039896
003 16191
005 20160412022701.0
008 160412s0 000
082 |a 4N(TK)798 
245 |a Tớ và cuộc sống những người bạn quanh ta A 
OWN |a LNN 
999 |a From the UDN01 
TYP |a Monograph 
980 |a Mạng thư viện Đại học Đà Nẵng